000 00967nam a2200265Ia 4500
003 OSt
005 20221005105439.0
006 a|||||r|||| 00| 0
007 ta
008 221004b |||||||| |||| 00| 0 hin d
020 _a9788188827541 (hbk)
_c750
024 _a26172
037 _b2341, 19/03/2016, Success Book Service
_cTextual
040 _aCRL
_cCRL
_bhin
041 _2hin
_ahin
082 _aNS44K, 152Q5
100 _aबख्शी, ज्योति
245 0 _aकथक
_b रचनात्मक सृजन के आयाम
246 _aKathaka: rachanātmak sṛujan ke āyāma
260 _aनई दिल्ली
_bबी. आर. रिद्म भारत
_c2015
300 _a142पृ0
_ccm.
650 _aल्थ्ल्त् क्ल्ज्ञ
942 _hNS44K, 152Q5
_cTEXL
_2cc
999 _c1015844
_d1015844